000 00588nam a22002297a 4500
003 UA-OsUOA
001 99450
007 ta
008 20130429b un ||||| |||| 00| 0 ukr d
100 _aТагор Рабіндранат
090 _a821.214.32
_bТ13
942 _cBK
040 _aUA-OsUOA
_bukr
_cUA-OsUOA
_dUA-OsUOA
245 _aОповідання
300 _a149 с.
955 _a3
041 _aukr
080 _a821.214.32
260 _aК.
_bДніпро
_c1972
650 7 _a82 Література. Літературознавство
_2UDC
999 _c354402
_d354402